| 000 | 00393cam a22001337a 4500 | ||
|---|---|---|---|
| 008 | 180718b1993 xxu||||| |||| 00| 0 eng d | ||
| 082 | _aO91x5421 R137 | ||
| 245 |
_aGarhwal Himalaya: ecology and environment _cedited by G.S. Rajwar |
||
| 260 |
_aDelhi _bAshish _c1993 |
||
| 300 | _a263p. | ||
| 650 | _aEnvironmental degradation - Garhwal | ||
| 650 | _aEcology - Garhwal | ||
| 700 | _aRajwar, G.S. | ||
| 999 |
_c390997 _d390997 |
||